Statistics for Divided Country Name Puzzle #3

Click here to take the quiz!

General Stats

  • This quiz has been taken 24,783 times
  • The average score is 13 of 20

Answer Stats

Country Name % Correct
ALGERIAAlgeria
98%
INDONESIAIndonesia
97%
MOZAMBIQUEMozambique
96%
AUSTRALIAAustralia
94%
CAMEROONCameroon
92%
PHILIPPINESPhilippines
88%
ZAMBIAZambia
83%
PAKISTANPakistan
78%
COLOMBIAColombia
78%
SEYCHELLESSeychelles
77%
HUNGARYHungary
64%
SANMARINOSan Marino
59%
UNITEDSTATESUnited States
59%
NORTHKOREANorth Korea
47%
GUATEMALAGuatemala
42%
ELSALVADOREl Salvador
41%
GRENADAGrenada
29%
BAHAMASBahamas
22%
TAIWANTaiwan
16%
LEBANONLebanon
16%

Score Distribution

Percentile by Number Answered

Percent of People with Each Score

Your Score History

You have not taken this quiz